000 00220nam a22000857a 4500
008 161124b xxu||||| |||| 00| 0 eng d
100 _91358
_aBPI India
245 _aLittle Red Riding Hood
260 _aNew Delhi
_bBPI India
_c2011
999 _c4071
_d4071